Catálogo
 En Linea

Estadística del agua en México / (Registro nro. 38843)

Detalles MARC
000 -CABECERA
campo de control de longitud fija 00589nam a2200157 a 4500
001 - NÚMERO DE CONTROL
campo de control 000039353
005 - FECHA Y HORA DE LA ÚLTIMA TRANSACCIÓN
campo de control 20201002031617.0
008 - DATOS DE LONGITUD FIJA--INFORMACIÓN GENERAL
campo de control de longitud fija 130625s2007 mx abcd 000 0 spa d
020 ## - NÚMERO INTERNACIONAL ESTÁNDAR DEL LIBRO
Número Internacional Estándar del Libro 9789688178522
040 ## - FUENTE DE LA CATALOGACIÓN
Centro catalogador/agencia de origen DO-SdBNP
Lengua de catalogación spa
Centro/agencia transcriptor BNPHU
245 00 - MENCIÓN DE TÍTULO
Título Estadística del agua en México /
Mención de responsabilidad, etc. presentación José Luís Lueges Tamargo.
260 ## - PUBLICACIÓN, DISTRIBUCIÓN, ETC.
Lugar de publicación, distribución, etc. México :
Nombre del editor, distribuidor, etc. Comisión Nacional del Agua:
-- Secretaría de Medio Ambiente y Recursos Naturales,
Fecha de publicación, distribución, etc. 2007.
300 ## - DESCRIPCIÓN FÍSICA
Extensión 259 p. :
Otras características físicas il., gráf. , mapas, retr., ;
Dimensiones 30 cm.
500 ## - NOTA GENERAL
Nota general Segunada reimpresión
700 1# - PUNTO DE ACCESO ADICIONAL--NOMBRE DE PERSONA
Nombre de persona Lueges Tamargo, José Luís
9 (RLIN) 65548
Existencias
Estado de retiro Estado de pérdida Restricciones de uso No para préstamo Código de colección Localización permanente Ubicación/localización actual Ubicación en estantería Fecha de adquisición Número de inventario Total de préstamos Signatura topográfica completa Código de barras Fecha visto por última vez Precio válido a partir de Tipo de ítem Koha
      Excluido de préstamo Monografías: Libros y Folletos General General En catalogación 25.06.2013 LF1   39353-10 25.06.2020 25.06.2020 No se presta

Con tecnología Koha